| 000 | 00414nam a22001457a 4500 | ||
|---|---|---|---|
| 082 |
_aH1 _bBRA/C |
||
| 100 | _aBraj Bhusahan Singh 'Gautam' - Anurag | ||
| 245 |
_aChandan van sanwaren/ _cby Braj Bhusahan Singh 'Gautam' - Anurag |
||
| 260 |
_aMuradabad: _bParth Prakasan Dwara Expressions, _c2015. |
||
| 300 | _a112p. | ||
| 650 | _aPoetry Hindi | ||
| 650 | _aLiterature Hindi | ||
| 650 | _aLiterature | ||
| 942 | _cBK | ||
| 999 |
_c60612 _d60612 |
||